Kemiskinan dalam arus pembangunan ekonomi Malaysia

Bibliographic Details
Other Authors: Chamhuri Siwar , 1949-, Nor Aini Hj. Idris
Format: Book
Published: Bangi, Selangor : Penerbit UKM , 1996
Series:Siri isu ekonomi semasa; Fakulti Ekonomi, UKM; 6
Subjects:

MARC

LEADER 00000cam a2200000 7i4500
001 0000001409
005 20010620.0
020 0 0 |a 967942345X 
090 0 0 |a 339.4609595   |b KEM 1996 
245 0 0 |a Kemiskinan dalam arus pembangunan ekonomi Malaysia   |c disunting oleh Chamhuri Siwar, Nor Aini Hj. Idris 
260 0 0 |a Bangi, Selangor :   |b Penerbit UKM ,   |c 1996 
300 |a 326 p. :   |b ill. ;   |c 23 cm. 
440 0 0 |a Siri isu ekonomi semasa; Fakulti Ekonomi, UKM; 6 
500 0 0 |a Bibliography : (p. [309]-320) and index 
650 0 0 |a Malaysia   |x Economic conditions 
650 0 0 |a Malaysia   |x Social conditions 
650 0 0 |a Poverty   |z Malaysia 
650 0 0 |a Rural poor   |z Malaysia 
650 0 0 |a Urban poor   |z Malaysia 
700 0 1 |a Chamhuri Siwar ,   |c 1949- 
700 0 1 |a Nor Aini Hj. Idris 
998 |a JPSM 
999 |a 0000002706   |b Monograph   |c Open Shelf   |e Default branch